Latin Artists by Picture 5 - Statistics

General Stats
  • This quiz has been taken 12 times
  • The average score is 11 of 20
Answer Stats
Picture Answer % Correct
Cardi B
100%
Selena Gomez
86%
Cosculluela
71%
Pitbull
71%
YOVNGCHIMI
71%
Blessd
57%
Camilo
57%
Kendo Kaponi
57%
Miky Woodz
57%
Ñejo
57%
Nio Garcia
57%
Yailin la mas Viral
57%
Dalmata
43%
J Alvarez
43%
Lenny Tavarez
43%
Casper Magico
29%
Chimbala
29%
Flex
29%
Juanka el Problematik
29%
Victor Manuelle
29%
No matching quizzes found
Score Distribution
Percent of People with Each Score
Percentile by Number Answered
Your Score History
You have not taken this quiz